| 000 | 00412nam a2200145Ia 4500 | ||
|---|---|---|---|
| 008 | 220216s9999 xx 000 0 und d | ||
| 100 | _aKadir Abdul Azziz S | ||
| 245 | 0 | _aAdvances in natural rubber production (1994 reviews) | |
| 260 |
_bRubber Chemistry and Technology _c1994 |
||
| 300 | _a537-548 | ||
| 650 | _a1994 reviews | ||
| 650 | _aNatural rubber | ||
| 650 | _aNatural rubber production | ||
| 942 | _cJS | ||
| 999 |
_c53877 _d53877 |
||